[Event "FRA-chT2B 0506"]
[Site "France"]
[Date "2006.04.02"]
[Round "11.9"]
[White "Guilleux, Fabien"]
[Black "Lemoine, Laura"]
[Result "1-0"]
[WhiteElo "2027"]
[BlackElo "1499"]
[PlyCount "37"]
[EventDate "2005.10.27"]
[EventType "team-tourn"]
[EventRounds "11"]
[EventCountry "FRA"]
[SourceTitle "EXT 2006"]
[Source "ChessBase"]
[SourceDate "2005.11.24"]
[SourceVersion "1"]
[SourceVersionDate "2005.11.24"]
[SourceQuality "1"]
[WhiteTeam "Creteil  II"]
[BlackTeam "Lille"]
[WhiteTeamCountry "FRA"]
[BlackTeamCountry "FRA"]

1. e4 e6 2. d4 d5 3. Nc3 Nf6 4. e5 Nfd7 5. Nf3 c5 6. dxc5 Bxc5 7. Bd3 Nc6 8. Bf4 Qc7 9. 0-0 Ne7 10. Qe2 Ng6 11. Bg3 a6 12. Nxd5 exd5 13. e6 Bd6 14. exd7+ Kxd7 15. Rfe1 Kd8 16. Ng5 Bxg3 17. hxg3 h6 18. Nxf7+ Qxf7 19. Bxg6 1-0

[Event "FRA-chT2B 0506"]
[Site "France"]
[Date "2005.10.16"]
[Round "1.9"]
[White "Lemoine, Laura"]
[Black "Rigolot, Lucie"]
[Result "1-0"]
[WhiteElo "1499"]
[BlackElo "1620"]
[PlyCount "103"]
[EventDate "2005.10.27"]
[EventType "team-tourn"]
[EventRounds "11"]
[EventCountry "FRA"]
[SourceTitle "EXT 2006"]
[Source "ChessBase"]
[SourceDate "2005.11.24"]
[SourceVersion "1"]
[SourceVersionDate "2005.11.24"]
[SourceQuality "1"]
[WhiteTeam "Lille"]
[BlackTeam "Paris NAO II"]
[WhiteTeamCountry "FRA"]
[BlackTeamCountry "FRA"]

1. e4 c5 2. Nf3 d6 3. d4 cxd4 4. Nxd4 Nf6 5. Nc3 a6 6. Bd3 e6 7. 0-0 Be7 8. Kh1 0-0 9. f4 Nbd7 10. Qe2 e5 11. Nf3 b5 12. Nd5 Nxd5 13. exd5 exf4 14. Bxf4 Nf6 15. c4 bxc4 16. Bxc4 Bb7 17. Rad1 Re8 18. Qd3 Bf8 19. Bg5 g6 20. Nd4 Bg7 21. Qf3 Rc8 22. b3 Rf8 23. Bxf6 Bxf6 24. Qxf6 Qxf6 25. Rxf6 Rfd8 26. Rdf1 Rc7 27. Nc6 Bxc6 28. dxc6 Rxc6 29. Bxf7+ Kg7 30. Bd5 Rc7 31. Rf7+ Rxf7 32. Rxf7+ Kh6 33. Kg1 Rc8 34. a4 Rc5 35. Bc4 a5 36. Rd7 Rc6 37. Kf2 g5 38. Ke3 Kg6 39. Bd3+ Kf6 40. Rxh7 Ke6 41. Kd4 Rb6 42. Rg7 Kf6 43. Rg6+ Ke7 44. Bc4 Rc6 45. Rxg5 Kf6 46. Rxa5 Rc7 47. Rd5 Rd7 48. a5 Ke6 49. a6 Rg7 50. Rg5+ Kf6 51. Rxg7 Kxg7 52. a7 1-0